| 000 | 01179nam a22002537a 4500 | ||
|---|---|---|---|
| 005 | 20170124103152.0 | ||
| 010 | _aB-093134 | ||
| 020 |
_c00.00 _a8186050691 |
||
| 035 | _aB-093134 | ||
| 037 | _bCen Lib/Ret | ||
| 040 |
_aDPL _bHN |
||
| 082 |
_a821.08 _bपाण्डेय |
||
| 100 |
_aपाण्डेय, हरिप्रसाद _944529 |
||
| 245 |
_aकाव्यशास्त्र के नये आयाम / _cहरिप्रसाद पाण्डेय |
||
| 246 |
_aKavyeshastr ke naye aayam / _bby Hariprasad Pandey |
||
| 260 |
_aदिल्ली _bभारतीय कला प्रकाशन _c2002 |
||
| 270 |
_a3421-ए, द्वितीय ताल, नारंग कालोनी, त्रिनगर _bदिल्ली _e110035 |
||
| 300 |
_aviii,180पृ. _c20सेमी(सजिल्द) |
||
| 650 |
_aहिन्दी -- साहित्य _988295 |
||
| 650 |
_aहिन्दी -- नये काव्यशास्त्र _988296 |
||
| 650 |
_aHindi literature _988297 |
||
| 650 |
_aHindi - New Poetics _988298 |
||
| 942 |
_2ddc _cHN _h821.08 _mपाण्डेय |
||
| 999 |
_c120060 _d120060 |
||